Random Melee UK Events Top 8 - Statistics

General Stats
  • This quiz has been taken 211 times
    34 since last reset
  • The average score is 16 of 32
Answer Stats
Tournament Placing Player % Correct
7 10QuidShoes
100%
3 10QuidShoes
100%
4 10QuidShoes
100%
5 23
100%
4 Aiken
100%
2 Aiken
100%
4 Android
100%
4 Ari
100%
Heir 2 1 Armada
100%
Heir 3 1 Armada
100%
Reach The Peak 1 Bonjwa
100%
4 BoomTasty
100%
5 Chaler
100%
5 C:leo
100%
Arcadia 1 Decipher
100%
3 Lima Bean
100%
5 ECS
100%
5 ECS
100%
4 EuO
100%
2 Fat Tino
100%
3 Fat Tino
100%
5 Fat Tino
100%
4 Fat Tino
100%
7 FM
100%
2 FM
100%
Kamp Kone 1 Frenzy
100%
5 Frenzy
100%
5 Frenzy
100%
Short Hop Pear 1 Frenzy
100%
Short Hop Pear 11 1 Frenzy
100%
Bristol's Basement 4 1 Frenzy
100%
Bristol's Basement 11 1 Frenzy
100%
Bristols the Basement Before Christmas 1 Frenzy
100%
2 Frenzy
100%
Den of Dragons 1 Frenzy
100%
5 Frenzy
100%
Combos & Cocktails 2 1 Frenzy
100%
Swansea Smackdown 1 Frenzy
100%
Bristol's Basement XVI 1 Frenzy
100%
7 Frenzy
100%
Warzone: Siege 1 Frenzy
100%
Bristol's The Basement Before Christmas 2: love actually 1 Frenzy
100%
Bristol's Basement: The Old Hunters 1 Frenzy
100%
Den of Dragons: The Beast's Conquest 1 Frenzy
100%
Bristol's Basement: Global Offensive 1 Frenzy
100%
One Stock Up 2019 1 Fuzzyness
100%
7 GG
100%
3 GG
100%
5 GG
100%
7 GG
100%
7 GG
100%
4 GG
100%
4 Glaikit
100%
4 gongong
100%
7 Gongong
100%
2 Hao
100%
5 HoorayForJay
100%
7 IuDKing
100%
2 Jacob
100%
5 Jacob
100%
3 Jamie
100%
4 Jamie
100%
3 Jamie
100%
7 Joefish
100%
3 Joefish
100%
3 Joefish
100%
5 Joefish
100%
7 JoeSSBM
100%
7 JoeSSBM
100%
5 JoeSSBM
100%
4 JoeSSBM
100%
Dragons' Dojo 8 1 Kingu
100%
5 Kingu
100%
4 Kingu
100%
3 Kingu
100%
5 Kingu
100%
2 Kingu
100%
5 Kingu
100%
2 Kingu
100%
2 Kingu
100%
2 Kingu
100%
4 Leeum
100%
2 Leeum
100%
5 Leffen
100%
7 Leffen
100%
5 Lima Bean
100%
2 Lucky
100%
2 Luke
100%
Blairfest 3 1 Lunary
100%
7 Mad4Men
100%
7 Matt Masterman
100%
7 Matt Masterman
100%
2 Matt Smith
100%
New Wave 5 1 Matt Smith
100%
2 max
100%
3 Max
100%
2 Max
100%
2 max
100%
Jamboree 1 max
100%
Saints and Smashers 1 max
100%
5 max
100%
5 Melty
100%
5 MINT
100%
2 MOF
100%
7 Mordo
100%
3 Mordo
100%
4 Mordo
100%
3 Mordo
100%
7 Neproxin
100%
7 Neproxin
100%
7 Noto
100%
2 Okameed
100%
5 Okameed
100%
4 Pedlar
100%
7 Pedlar
100%
4 Pedlar
100%
5 Pedlar
100%
3 Pedlar
100%
5 Pedlar
100%
7 Pedlar
100%
7 Pedlar
100%
3 Pi
100%
Bristol's Basement 1 Pi
100%
3 Pi
100%
4 Pi
100%
3 Pi
100%
3 Pi
100%
3 Pi
100%
3 Pi
100%
3 Pi
100%
Athina 1 Professor Pro
100%
GROML 1 Professor Pro
100%
Origin 2 1 Professor Pro
100%
2 Professor Pro
100%
Quartered 19 1 Professor Pro
100%
Quartered 17 1 Professor Pro
100%
7 Professor Pro
100%
5 Professor Pro
100%
Nangest Regionals 1 1 Professor Pro
100%
3 Professor Pro
100%
2 Professor Pro
100%
4 R23
100%
5 R23
100%
5 Rain
100%
5 Rain
100%
Dragons' Dojo 5 1 Rain
100%
7 Rain
100%
4 Rain
100%
2 Rain
100%
5 Rain
100%
7 Rain
100%
4 Ryzon
100%
3 Ryzon
100%
2 Ryzon
100%
5 Ryzon
100%
Schism 3 1 S2J
100%
3 Setchi
100%
Shoot The Gun 1 ShiftingShadows
100%
Blockbuster 2 1 ShiftingShadows
100%
7 Silas
100%
5 Skips
100%
7 Skuxxy
100%
5 Skuxxy
100%
5 Squeachu
100%
3 Squeachu
100%
5 Squeachu
100%
5 Squeachu
100%
4 Squeachu
100%
MIDGAME 1 Squeachu
100%
5 stinky
100%
5 Stylo
100%
3 Stylo
100%
3 Tanki
100%
5 Tom?
100%
5 Trif
100%
5 Trif
100%
7 Trif
100%
3 Trif
100%
2 Westers
100%
7 Wil
100%
4 Wil
100%
7 Wil
100%
5 Wil
100%
7 Wil
100%
Arcadia 2 1 Wil
100%
2 Kingu
67%
7 Pedlar
67%
4 Pi
67%
4 AC
50%
7 Aiken
50%
7 Bosshog
50%
7 convey
50%
5 EuO
50%
5 Fat Tino
50%
4 Fuzzyness
50%
7 Jacob
50%
4 Lima Bean
50%
2 max
50%
5 max
50%
4 ModestMajor
50%
7 Noto
50%
5 Okameed
50%
5 Okameed
50%
4 Overtriforce
50%
Quartered 8 1 Professor Pro
50%
3 Setchi
50%
5 Swish
50%
Firestarter 1 Trif
50%
7 Vanity Angel
50%
5 zondy
50%
3 Joefish
33%
5 Rain
33%
2 10QuidShoes
0%
7 10QuidShoes
0%
4 10QuidShoes
0%
3 10QuidShoes
0%
5 10QuidShoes
0%
3 10QuidShoes
0%
4 10QuidShoes
0%
7 10QuidShoes
0%
4 10QuidShoes
0%
7 10QuidShoes
0%
5 10QuidShoes
0%
5 10QuidShoes
0%
4 10QuidShoes
0%
7 10QuidShoes
0%
5 10QuidShoes
0%
5 10QuidShoes
0%
5 10QuidShoes
0%
7 10QuidShoes
0%
5 10QuidShoes
0%
3 10QuidShoes
0%
5 10QuidShoes
0%
5 10QuidShoes
0%
4 10QuidShoes
0%
4 10QuidShoes
0%
3 10QuidShoes
0%
5 10QuidShoes
0%
5 10QuidShoes
0%
4 10QuidShoes
0%
7 10QuidShoes
0%
7 10QuidShoes
0%
5 23
0%
5 23
0%
3 23
0%
Quartered 24 1 23
0%
4 23
0%
Quartered 22 1 23
0%
5 23
0%
5 23
0%
4 23
0%
4 23
0%
7 23
0%
7 23
0%
7 23
0%
7 23
0%
7 23
0%
7 23
0%
7 23
0%
2 23
0%
7 2K12
0%
4 2K12
0%
3 2K12
0%
5 Abbe
0%
MYTH 3 1 Abbe
0%
7 AC
0%
4 AC
0%
2 AC
0%
2 AC
0%
4 AC
0%
5 AC
0%
5 Ac_Anon
0%
5 Ac_Anon
0%
2 Adil
0%
5 Adil
0%
7 Aiika
0%
3 Aiika
0%
5 Aiika
0%
4 Aiika
0%
7 Aiika
0%
5 Aiika
0%
7 Aiika
0%
4 Aiika
0%
5 Aiika
0%
7 Aiika
0%
5 Aiken
0%
5 Aiken
0%
5 Aiken
0%
5 Aiken
0%
4 Aiken
0%
7 Aiken
0%
4 Aiken
0%
7 Aiken
0%
5 Aiken
0%
5 Aiken
0%
3 Aiken
0%
7 Aiken
0%
5 Aiken
0%
4 Aiken
0%
5 Aiken
0%
4 Aiken
0%
7 Aiken
0%
3 Aiken
0%
7 AJD
0%
7 Aklo
0%
5 Aldo
0%
4 Alexis
0%
4 Alpha Dash
0%
2 Alpha Dash
0%
3 Amber
0%
4 aMSa
0%
Fête 2 1 aMSa
0%
4 Amsah
0%
7 Ant
0%
5 Ant
0%
7 Ant
0%
2 Ant
0%
7 Ant
0%
7 Antz
0%
3 Antz
0%
3 Antz
0%
5 Aqua
0%
7 Ari
0%
5 astar
0%
7 Atlos
0%
7 Avalancer
0%
4 Ayda Fox
0%
5 Ayda Fox
0%
5 Ayda Fox
0%
5 Ayda Fox
0%
7 Babs
0%
5 BARRYBONES
0%
7 BARRYBONES
0%
New Wave 4 1 BARRYBONES
0%
4 Bbatts
0%
7 Beanfeast
0%
5 Beau
0%
5 Beau
0%
4 Bill
0%
5 Bill
0%
7 birdn3ck
0%
7 birdn3ck
0%
7 Biss
0%
7 Blackbird
0%
7 Blazin' Doobies
0%
7 Blip
0%
7 blip337
0%
5 BloodBowler
0%
7 BloodBowler
0%
7 Blue_Persil
0%
7 Blue_persil
0%
3 Bombo
0%
2 Bombo
0%
2 Bombo
0%
5 Bombo
0%
3 Bombo
0%
3 Bombo
0%
5 Bomboni
0%
3 Bomboni
0%
5 Bonjwa
0%
2 Bonjwa
0%
7 Bonjwa
0%
5 Bonjwa
0%
7 Boohbah
0%
7 boring old paul
0%
5 Bort
0%
2 Bort
0%
4 Boss Hog
0%
7 Boss Hog
0%
5 Boss Hog
0%
7 Brado
0%
3 Branspeed
0%
3 Branspeed
0%
3 Branspeed
0%
3 Branspeed
0%
5 Branspeed
0%
7 Branspeed
0%
4 Branspeed
0%
7 Branspeed
0%
7 Brogue
0%
5 Brownie
0%
7 Callie
0%
5 Calzum
0%
7 Calzum
0%
7 Can-D
0%
5 Cappy
0%
5 Cappy
0%
Fête 1 Captain Faceroll
0%
7 Captain Nebula
0%
3 Captain Nebula
0%
7 Chaler
0%
4 Chaler
0%
7 Chelly
0%
3 ChuDat
0%
7 Clemens
0%
5 Cleo
0%
5 C:leo
0%
5 c:leo
0%
7 c:leo
0%
5 Conor
0%
7 Conor
0%
3 Conor
0%
2 Convey
0%
3 Convey
0%
7 CoolJamz
0%
5 Coral
0%
7 Coral
0%
7 CPM
0%
5 CptNebula
0%
5 CptNebula
0%
7 CptNebula
0%
2 CptNebula
0%
7 CptNebula
0%
7 CptNebula
0%
5 CptNebula
0%
3 CptNebula
0%
5 CptNebula
0%
7 CptNebula
0%
7 CptNebula
0%
5 CptNebula
0%
7 CptNebula
0%
7 CptNebula
0%
7 CptNebula
0%
7 CptNebula
0%
7 CptNebula
0%
5 CptNebula
0%
2 Cpt. Zeppo
0%
7 crayons eater
0%
4 Crenando
0%
7 DAEDRICLORD3000
0%
7 Dara
0%
4 Dara
0%
7 Davemans
0%
5 Daydee
0%
4 Dayman
0%
2 Deathgazer
0%
5 Deathgazer
0%
5 Deathgazer
0%
2 Deathgazer
0%
Quartered 7 1 Deathgazer
0%
2 Deathgazer
0%
3 Deathgazer
0%
7 Deathtouch_lifelink
0%
7 Deku_Don
0%
7 DevilishJho
0%
7 DevilishJho
0%
7 Diabound
0%
4 Diabound
0%
4 Diabound
0%
5 Draz
0%
7 Draz
0%
2 Draz
0%
5 Draz
0%
7 Duckslayer
0%
7 ECS
0%
7 ECS
0%
7 ECS
0%
5 ECS
0%
7 ECS
0%
7 ECS
0%
Untitled Stoke Tournament 2 1 ECS
0%
5 ECS
0%
7 Een
0%
5 Een
0%
3 ENRA
0%
3 ENRA
0%
5 Ephi
0%
5 Etefi
0%
7 EuO
0%
4 EuO
0%
2 EuO
0%
2 EuO
0%
5 EuO
0%
7 EuO
0%
5 EuO
0%
5 EuO
0%
5 EuO
0%
7 EuO
0%
5 EuO
0%
4 EuO
0%
5 EuO
0%
5 EuO
0%
5 EuO
0%
5 EuO
0%
5 EuO
0%
3 EuO
0%
7 EuO
0%
4 EuO
0%
5 EuO
0%
7 EuO
0%
3 EuO
0%
5 EuO
0%
7 Excal
0%
4 Fat Tino
0%
7 Fat Tino
0%
7 Fat Tino
0%
7 Fat Tino
0%
Crescendo 1 Fat Tino
0%
2 Fat Tino
0%
2 Fat Tino
0%
Quartered 18 1 Fat Tino
0%
2 Fat Tino
0%
Quartered 15 1 Fat Tino
0%
5 Fat Tino
0%
2 Fat Tino
0%
2 Fat Tino
0%
4 Fat Tino
0%
5 Fat Tino
0%
5 Fat Tino
0%
4 Fat Tino
0%
7 Fat Tino
0%
5 Fat Tino
0%
2 Fat Tino
0%
Saints and Smashers - UWMA 1 Fat Tino
0%
5 Fat Tino
0%
2 Fat Tino
0%
3 Fat Tino
0%
Pray to Win 2 1 Fat Tino
0%
3 Fat Tino
0%
3 Fat Tino
0%
2 Fat Tino
0%
2 Fat Tino
0%
7 Fisma
0%
7 Flannel
0%
3 FM
0%
4 FM
0%
4 FM
0%
4 FM
0%
2 FM
0%
4 FM
0%
5 FOBUKI SLAYER
0%
5 Fout NL
0%
2 Free Palestine
0%
PEAK 1 Frenzy
0%
2 Frenzy
0%
4 Frenzy
0%
4 Frenzy
0%
2 Frenzy
0%
MYTH 1 Frenzy
0%
2 Frenzy
0%
3 Frenzy
0%
Bunny Hood 3 1 Frenzy
0%
3 Frenzy
0%
2 Frenzy
0%
High% 1 Frenzy
0%
3 Frenzy
0%
Short Hop Pear 3 1 Frenzy
0%
Short Hop Pear 4 1 Frenzy
0%
2 Frenzy
0%
Short Hop Pear 7 1 Frenzy
0%
3 Frenzy
0%
Short Hop Pear 9 1 Frenzy
0%
2 Frenzy
0%
Dragons' Dojo 3 1 Frenzy
0%
Dragons' Dojo 9 1 Frenzy
0%
Bristol's Basement 2 1 Frenzy
0%
Bristol's Basement 5 1 Frenzy
0%
Bristol's Basement 6 1 Frenzy
0%
Bristol's Basement 7 1 Frenzy
0%
3 Frenzy
0%
Bristol's Basement 9 1 Frenzy
0%
Bristol's Basement 10 1 Frenzy
0%
Bristol's Basement 12 1 Frenzy
0%
Bristol's Basement 13 1 Frenzy
0%
2 Frenzy
0%
Crescendo 2 1 Frenzy
0%
3 Frenzy
0%
2 Frenzy
0%
3 Frenzy
0%
Nangest Regionals 2 1 Frenzy
0%
3 Frenzy
0%
4 Frenzy
0%
4 Frenzy
0%
2 Frenzy
0%
3 Frenzy
0%
Nangest National 1 Frenzy
0%
Risk It All 1 Frenzy
0%
D-air 2 Shine 1 Frenzy
0%
D-air to Shine 1 Frenzy
0%
Pub Crawl 1 Frenzy
0%
Klash at Kongs 2 1 Frenzy
0%
2 Frenzy
0%
Smash In The City 1 Frenzy
0%
SCR: Reloaded 1 Frenzy
0%
SCR: Sorry for Party Rocking! 1 Frenzy
0%
2 Frenzy
0%
3 Frenzy
0%
Regen 2024 1 Frenzy
0%
2 Frenzy
0%
Bristol's Basement: Skies Unknown 1 Frenzy
0%
Avant Deux 1 Frenzy
0%
2 Frenzy
0%
Invasion 2024 1 Frenzy
0%
3 Frenzy
0%
Dragons' Dojo 13 1 Frenzy
0%
Bristol's Basement: Ashes of Ariandel 1 Frenzy
0%
Let's Eat The Grass 1 Frenzy
0%
2 Frogchip
0%
The North Awakens 1 Frogchip
0%
4 Frogchip
0%
4 Frogchip
0%
Turf War 2 1 Frogchip
0%
5 Frogchip
0%
The North Awakens IV 1 Frogchip
0%
3 Frogchip
0%
<REDACTED> RESET 1 Frogchip
0%
Anarchy Rules 2 1 FrostByte
0%
Heir 1 Fuzzyness
0%
5 G
0%
5 GG
0%
4 GG
0%
3 GG
0%
4 GG
0%
5 GG
0%
5 GG
0%
7 GG
0%
4 GG
0%
5 GG
0%
4 GG
0%
3 GG
0%
7 GG
0%
2 GG
0%
5 GG
0%
3 GG
0%
5 GG
0%
One Stock Down Feb 1 GG
0%
4 GG
0%
2 GG
0%
Not The Bees 2 1 GG
0%
2 GG
0%
5 GG
0%
5 GG
0%
7 GG
0%
7 GG
0%
5 Ghostyboi
0%
7 Ghoul
0%
7 Glaikit
0%
Shoot The Gun 2 1 Glaikit
0%
Shoot The Gun 3 1 Glaikit
0%
Bring The Heat 1 Glaikit
0%
2 Glaikit
0%
3 Glaikit
0%
7 Gorillionaire
0%
7 GROM
0%
7 GROM
0%
7 GROM
0%
7 GROM
0%
7 GROM
0%
5 GROM
0%
Glenesis 3 1 Gym5hark
0%
5 H0B0_JOE
0%
Warzone: FireFight 1 H0B0_JOE
0%
5 Hao
0%
2 Hao
0%
3 Hao
0%
4 Hao
0%
2 Hao
0%
7 Hao
0%
5 Hao
0%
7 Hao
0%
5 Hao
0%
4 Hao
0%
Warzone: Blitzkrieg 1 Hao
0%
Did You See The Reads In Leeds 1 HaoTwo
0%
7 Haotwo
0%
4 HaoTwo
0%
5 Happymealz
0%
7 Hell Kaiser
0%
4 HoorayForJay
0%
5 HoorayForJay
0%
7 HoorayForJay
0%
7 HoorayforJay
0%
5 HoorayforJay
0%
3 HoorayForJay
0%
4 HoorayForJay
0%
7 HoorayForJay
0%
7 HoorayForJay
0%
7 hq
0%
3 Hungrybox
0%
7 Hy
0%
7 Ice
0%
4 Ice
0%
7 Icemaz
0%
5 Irfan
0%
4 Isdsar
0%
3 Isdsar
0%
4 Isdsar
0%
7 Isdsar
0%
4 Isdsar
0%
3 Isdsar
0%
2 Isdsar
0%
5 Isdsar
0%
7 IuDKing
0%
5 Iudking
0%
7 Ivy
0%
2 Ivy
0%
7 Ivy
0%
5 Ivy
0%
7 Ivy
0%
5 Ivy
0%
5 J3ly
0%
7 Jack Fox
0%
5 Jack Fox
0%
5 Jacob
0%
3 Jacob
0%
Wyvern's Sheer Cold 1 Jacob
0%
2 Jacob
0%
Run The Gauntlet 1 Jacob
0%
BTH March 2023 1 Jacob
0%
5 Jacob
0%
3 Jacob
0%
5 Jacob
0%
7 Jacob
0%
2 Jacob
0%
Christmas Clash 2024 1 Jacob
0%
3 Jah Ridin
0%
4 Jah Ridin'
0%
2 Jah Ridin'
0%
3 Jah Ridin'
0%
What The Duck?! 1 Jamie
0%
2 Jamie
0%
3 Jamie
0%
5 Jamie
0%
3 Jamie
0%
Braveheart Brawl 2024 1 Jamie
0%
5 Jamie
0%
5 Jammy
0%
4 Jaxter
0%
7 Jaysotee
0%
5 JeXe
0%
2 Jin
0%
7 JKM
0%
2 Jmook
0%
2 Joefish
0%
7 Joefish
0%
3 Joefish
0%
4 Joefish
0%
7 Joefish
0%
5 Joefish
0%
7 Joefish
0%
5 Joefish
0%
Midlands' Invitational 1 Joefish
0%
5 Joefish
0%
7 Joefish
0%
Untitled Stoke Tournament 1 Joefish
0%
3 Joefish
0%
7 JoeSSBM
0%
5 JoeSSBM
0%
5 JoeSSBM
0%
5 JoeSSBM
0%
3 Joey
0%
5 John Barrett
0%
3 Johnny Turbo
0%
4 Johnny Turbo
0%
4 Johnny Turbo
0%
4 Jolteon
0%
5 JorkDestroyer
0%
4 JosephCarnec
0%
4 JosephCarnec
0%
5 Joshman
0%
7 Jude
0%
5 Jude
0%
7 Juice
0%
5 Juice
0%
7 kHaz
0%
5 kHaz
0%
7 kHaz
0%
4 Kidder
0%
7 Kidder
0%
2 Kidder
0%
2 Kidder
0%
7 Kidder
0%
7 Kidder
0%
5 Kidder
0%
7 Kidder
0%
3 Kidder
0%
4 Kingu
0%
4 Kingu
0%
4 Kingu
0%
3 Kingu
0%
2 Kingu
0%
Dragons' Dojo 6 1 Kingu
0%
2 Kingu
0%
Bristol's Basement 3 1 Kingu
0%
2 Kingu
0%
2 Kingu
0%
2 Kingu
0%
4 Kingu
0%
2 Kingu
0%
2 Kingu
0%
2 Kingu
0%
4 Kingu
0%
3 Kingu
0%
Pantheon 1 Kingu
0%
3 Kingu
0%
2 Kingu
0%
2 Kingu
0%
5 Kingu
0%
2 Kingu
0%
2 Kingu
0%
2 Kingu
0%
7 Kingu
0%
Lennied 1 Kingu
0%
2 Kingu
0%
5 Kingu
0%
Bristol's Basement: Sons of Liberty 1 Kingu
0%
3 Kingu
0%
2 Kingu
0%
QUARTERED 25 - POWER STRUGGLE 1 Kingu
0%
2 Kins0
0%
2 kins0
0%
7 Koolan
0%
5 Koolan
0%
7 Koolan
0%
5 Korbzy
0%
3 Korbzy
0%
3 LADZ
0%
5 Ladz
0%
7 Laurster
0%
7 Laurster
0%
5 Laurster
0%
7 Laurster
0%
2 Laurster
0%
4 Laurster
0%
5 Lavezzi
0%
7 Lavezzi
0%
3 layabout
0%
7 layabout
0%
7 Layabout
0%
7 Leeum
0%
7 Leeum
0%
Heir 4 1 Leffen
0%
Heir 5 1 Leffen
0%
5 Lengman
0%
7 Levingy
0%
5 lil beep
0%
5 Lima Bean
0%
5 Lima Bean
0%
7 Lima Bean
0%
5 Lima Bean
0%
5 Lima Bean
0%
2 Lima Bean
0%
7 Lima Bean
0%
7 Lima Bean
0%
7 Lima Bean
0%
7 Lima Bean
0%
7 Lima Bean
0%
7 Lima Bean
0%
7 Lima Bean
0%
7 Lima Bean
0%
7 Lima Bean
0%
5 Lima Bean
0%
7 Lima Bean
0%
2 Lima Bean
0%
7 L-J
0%
7 Luan
0%
7 Luan
0%
2 Lucky
0%
7 Lucretio
0%
5 Lucretio
0%
5 Lucretio
0%
4 Luke
0%
4 Luke
0%
5 Luke
0%
5 Luke
0%
Bristol's Basement 8 1 Luke
0%
2 Luke
0%
4 Luke
0%
5 Luke
0%
5 Luke
0%
5 Luke
0%
7 Luke
0%
Bristol's Basement: Shadow Dragon and the Blade of Light 1 Luke
0%
3 Luke
0%
2 Luke
0%
5 Luke
0%
5 Luke
0%
5 lum
0%
5 lum
0%
5 lum
0%
5 Lumos
0%
7 Lumos
0%
7 LunarySSF2
0%
5 LunarySSF2
0%
2 LunarySSF2
0%
2 LunarySSF2
0%
5 MACE
0%
5 MACE
0%
4 MACE
0%
5 Mad4Men
0%
7 Mad4Men
0%
2 Mad4Men
0%
5 Mad4Men
0%
4 Mad4Men
0%
Blackpool Backlot Presents: Super Smash Brothers Melee 1 Mad4Men
0%
3 Madness
0%
5 Maelstrom
0%
5 MagiMagi
0%
2 MagiMagi
0%
7 MagiMagi
0%
7 Manyula
0%
4 Manyula
0%
7 Manyula
0%
3 Manyula
0%
Quartered 1 Manyula
0%
5 Manyula
0%
7 Marauder
0%
7 Marzipann
0%
3 Marzipann
0%
7 Marzipann
0%
7 Marzipann
0%
5 Marzipann
0%
7 Marzipann
0%
7 Marzipann
0%
7 Marzipann
0%
3 Maskless
0%
7 Maskless
0%
7 Maskless
0%
4 Maskless
0%
7 Maskless
0%
5 Maskless
0%
5 Matt Masterman
0%
4 Matt Masterman
0%
7 Matt Smith
0%
5 Matt Smith
0%
4 Matt Smith
0%
4 Matt Smith
0%
5 Matt Smith
0%
5 Matt Smith
0%
4 Matt Smith
0%
5 Matt Smith
0%
3 max
0%
3 Max
0%
7 max
0%
3 max
0%
5 max
0%
2 max
0%
Athina: Tempest 1 max
0%
Short Hop Pear 12 1 Max
0%
Short Hop Scare 2 1 Max
0%
3 max
0%
7 max
0%
Quartered 23 1 max
0%
2 max
0%
2 max
0%
5 max
0%
5 max
0%
7 max
0%
7 max
0%
5 max
0%
3 max
0%
4 max
0%
3 max
0%
5 max
0%
3 max
0%
2 max
0%
5 max
0%
Nangest National 2 1 Max
0%
3 maXy
0%
4 maXy
0%
3 MaXy
0%
2 MaXy
0%
3 maXy
0%
4 maXy
0%
5 maXy
0%
3 Mekk
0%
7 Melty
0%
7 M.I.C.H.A.E.L
0%
7 Michael Scarn
0%
5 Microsoft J
0%
5 Midori
0%
5 Midori
0%
7 Midori
0%
5 Midori
0%
7 Mihaal
0%
3 Miihaal
0%
7 MINT
0%
2 MINT
0%
BOB-OMD 1 MINT
0%
5 MINT
0%
5 ModestMajor
0%
3 ModestMajor
0%
3 ModestMajor
0%
5 ModestMajor
0%
5 ModestMajor
0%
2 ModestMajor
0%
3 ModestMajor
0%
2 ModestMajor
0%
4 ModestMajor
0%
5 Moe
0%
7 Moke
0%
7 Molten
0%
7 Molten
0%
7 Molten
0%
3 Morcou
0%
3 Morcou
0%
5 mordo
0%
7 mordo
0%
4 mordo
0%
7 Mordo
0%
4 Mordo
0%
5 Mordo
0%
3 Mordo
0%
4 Mordo
0%
5 Mordo
0%
5 Mordo
0%
4 Mordo
0%
Quartered 14 1 Mordo
0%
7 Mordo
0%
2 Mordo
0%
3 Mordo
0%
Quartered 5 1 Mordo
0%
4 Mordo
0%
7 Mordo
0%
Pantheon LCQ 1 Mordo
0%
4 Mordo
0%
7 Mordo
0%
5 Mordo
0%
5 Mordo
0%
7 Mordo
0%
7 Mordo
0%
7 Mordo
0%
5 Mordo
0%
5 Mordo
0%
5 Mordo
0%
2 Mozzy
0%
7 Mozzy
0%
4 Mozzy
0%
7 Mozzy
0%
5 Mozzy
0%
7 Mozzy
0%
3 Mr. Mo
0%
5 Mr. P
0%
4 Mumbles
0%
5 Murder Buns
0%
7 Neproxin
0%
5 Neproxin
0%
5 Neproxin
0%
7 Neproxin
0%
5 Neproxin
0%
3 Neproxin
0%
STICHED UP 1 Neproxin
0%
BLAIRFEST 4 1 Neproxin
0%
7 Nicki
0%
2 Nicki
0%
7 Nicki
0%
3 Nintend0rk
0%
7 Nomad
0%
7 NoPressure1
0%
5 NoPressure1
0%
4 NoPressure1
0%
5 Noto
0%
5 Noto
0%
5 Noto
0%
4 Noto
0%
4 Noxxa
0%
5 NP8
0%
5 NP8
0%
7 NP8
0%
7 nukacolabear
0%
7 octopus
0%
3 octopus
0%
5 octopus
0%
3 OGRE
0%
7 Okameed
0%
7 Okameed
0%
4 Okameed
0%
7 Okameed
0%
2 Okameed
0%
5 Okameed
0%
5 Okameed
0%
4 Okameed
0%
5 Okameed
0%
5 Okameed
0%
5 Okameed
0%
5 Okameed
0%
5 Okameed
0%
7 Okameed
0%
7 Okameed
0%
7 Okameed
0%
4 Okameed
0%
4 Okameed
0%
7 Okameed
0%
5 Okameed
0%
7 Okameed
0%
4 Okameed
0%
5 Okameed
0%
5 omega
0%
5 Overtriforce
0%
5 Pafos
0%
7 Pafos
0%
4 Panda
0%
2 Panko
0%
7 PatSheezy
0%
3 Pedlar
0%
7 Pedlar
0%
7 Pedlar
0%
3 Pedlar
0%
3 Pedlar
0%
5 Pedlar
0%
7 Pedlar
0%
7 Pedlar
0%
3 Pedlar
0%
7 Pedlar
0%
7 Pedlar
0%
4 Pedlar
0%
5 Pedlar
0%
5 Pedlar
0%
3 Phade
0%
3 Phade
0%
2 Phade
0%
3 Phade
0%
5 Phade
0%
5 Phade
0%
2 Phade
0%
7 Pi
0%
5 Pi
0%
2 Pi
0%
3 Pi
0%
2 Pi
0%
2 Pi
0%
3 Pi
0%
3 Pi
0%
2 Pi
0%
7 Pi
0%
4 Pi
0%
4 Pi
0%
5 Pi
0%
3 Pi
0%
5 Pi
0%
3 Pi
0%
3 Pi
0%
5 Pi
0%
5 Pi
0%
3 Pi
0%
4 Pi
0%
4 Pi
0%
5 Pi
0%
4 Pi
0%
2 Pi
0%
5 Pi
0%
4 Pi
0%
7 Pi
0%
5 Pi
0%
4 Pi
0%
2 Pi
0%
7 Pi
0%
2 Pi
0%
3 Pilot
0%
5 Pilot
0%
5 Pilot
0%
5 Piney
0%
5 Piney
0%
2 Pipsqueak
0%
4 Pipsqueak
0%
7 Pjon
0%
7 Pjon
0%
5 Pjon
0%
7 Pjon
0%
5 Pjon
0%
7 Polish
0%
2 Porkers
0%
5 Pricent
0%
2 Professor Pro
0%
Bunny Hood 1 Professor Pro
0%
5 Professor Pro
0%
5 Professor Pro
0%
20OxOXmas 1 Professor Pro
0%
2 Professor Pro
0%
MYTH 2 1 Professor Pro
0%
The Vault 1 Professor Pro
0%
Phat Phrogs 1 Professor Pro
0%
Short Hop Double Pear 1 Professor Pro
0%
Short Hop Pear 6 1 Professor Pro
0%
Short Hop Scare 1 Professor Pro
0%
Short Hop Pear 10 1 Professor Pro
0%
3 Professor Pro
0%
Quartered 21 1 Professor Pro
0%
Quartered 20 1 Professor Pro
0%
Quartered 16 1 Professor Pro
0%
Quartered 13 1 Professor Pro
0%
Quartered 12 1 Professor Pro
0%
Quartered 10 1 Professor Pro
0%
Quartered 9 1 Professor Pro
0%
Quartered 2 1 Professor Pro
0%
3 Professor Pro
0%
5 Professor Pro
0%
7 Professor Pro
0%
Battlebourne 1 Professor Pro
0%
2 Professor Pro
0%
Nangest 3 1 Professor Pro
0%
3 Professor Pro
0%
3 Professor Pro
0%
Nang HSH 1 Professor Pro
0%
Nang NGAN 1 Professor Pro
0%
Nang Upon Reflection 1 Professor Pro
0%
2 Professor Pro
0%
London Never Dies 1 Professor Pro
0%
4 Professor Pro
0%
Klash at Kongs 1 Professor Pro
0%
RUNWAY 5 1 Professor Pro
0%
Not The Bees 3 1 Professor Pro
0%
Rise & Shine 2 1 Professor Pro
0%
7 Pyro
0%
5 Question
0%
3 Question
0%
2 Question
0%
3 Question
0%
5 R23
0%
5 R23
0%
4 R23
0%
5 R23
0%
5 R23
0%
4 R23
0%
4 R23
0%
2 R23
0%
5 R23
0%
Bag Of Melee 1 R23
0%
2 R23
0%
SCR: Rebirth 1 R23
0%
3 R23
0%
2 R23
0%
7 Rain
0%
5 Rain
0%
5 Rain
0%
4 Rain
0%
Dragons' Dojo 2 1 Rain
0%
2 Rain
0%
5 Rain
0%
4 Rain
0%
5 Rain
0%
4 Rain
0%
Battlebourne 2 1 Rain
0%
7 Rain
0%
5 Rain
0%
3 Rain
0%
7 Rain
0%
4 Rain
0%
7 Rain
0%
3 Rain
0%
3 Rain
0%
3 Rain
0%
2 Rain
0%
3 Rain
0%
7 Rain
0%
In The Valleys 1 Rain
0%
3 raoul
0%
5 RashAttack
0%
5 RashAttack
0%
2 RashAttack
0%
7 RashAttack
0%
3 RashAttack
0%
5 RashAttack
0%
7 Razmane
0%
5 Reacher
0%
7 Reversii
0%
4 Reversii
0%
7 Reversii
0%
7 Rey
0%
3 Rikzz
0%
7 Rikzz
0%
4 Rikzz
0%
7 Risc
0%
4 Robs
0%
7 Roo
0%
4 Roryx
0%
5 Ryan S
0%
7 Ryzon
0%
5 Ryzon
0%
7 Ryzon
0%
5 Ryzon
0%
4 Ryzon
0%
4 Ryzon
0%
2 Ryzon
0%
4 Ryzon
0%
Storm IX 1 Ryzon
0%
2 Ryzon
0%
2 S2J
0%
3 S2J
0%
Schism 2 1 S2J
0%
5 Sane
0%
3 Schwifty
0%
7 Scribble
0%
5 SeánicBoom
0%
2 Setchi
0%
2 Setchi
0%
3 Setchi
0%
2 Setchi
0%
2 Setchi
0%
2 Setchi
0%
4 Setchi
0%
2 Setchi
0%
4 Shais
0%
3 Shais Young
0%
7 Sharp
0%
3 Sharp
0%
5 ShiftingShadows
0%
4 ShiftingShadows
0%
2 ShiftingShadows
0%
4 ShiftingShadows
0%
2 ShiftingShadows
0%
7 ShiftingShadows
0%
King of the North 1 Shifting Shadows
0%
5 SHIP
0%
7 SHIP
0%
7 SHIP
0%
BTH January 2023 1 Sho
0%
5 shOok!
0%
7 Silas
0%
5 Silas
0%
7 Silas
0%
7 Silas
0%
5 Silas
0%
5 Silas
0%
7 Silas
0%
5 Silas
0%
7 Silas
0%
2 Silas
0%
5 Silas
0%
7 Skerzo
0%
7 SkillZ
0%
7 Skips
0%
7 Skips
0%
7 Skips
0%
7 Skips
0%
7 Skips
0%
4 Skullbro
0%
5 Skuxxy
0%
5 Skuxxy
0%
2 Skuxxy
0%
5 Skuxxy
0%
2 Skuxxy
0%
7 Skuxxy
0%
3 Skuxxy
0%
7 sky
0%
2 Sloth
0%
4 Sloth
0%
7 Sly
0%
7 Snook
0%
7 Snook
0%
5 Snugs
0%
7 Socks
0%
Nang 4 1 Soonsay
0%
Nang 4 1 Soonsay
0%
5 Spark
0%
2 Spark
0%
7 Sprout
0%
7 Sprout
0%
4 Squeachu
0%
7 Squeachu
0%
Bunny Hood 2 1 Squeachu
0%
2 Squeachu
0%
7 Squeachu
0%
Storm 1 Squeachu
0%
Storm V 1 Squeachu
0%
2 Squeachu
0%
2 Squeachu
0%
Storm VIII 1 Squeachu
0%
7 Squeachu
0%
3 Squeachu
0%
5 Squeachu
0%
5 Squeachu
0%
Dragons' Dojo 7 1 Squeachu
0%
3 Squeachu
0%
3 Squeachu
0%
4 Squeachu
0%
7 Squeachu
0%
2 Squeachu
0%
7 Squeachu
0%
7 Squeachu
0%
7 Squeachu
0%
4 Squeachu
0%
5 Squeachu
0%
3 Squeachu
0%
2 Squeachu
0%
High% 2 1 Squeachu
0%
5 Squeachu
0%
3 Squeachu
0%
5 Squeachu
0%
3 Squeachu
0%
7 Stranger
0%
2 Stranger
0%
2 Stranger
0%
Shafted 1 Stranger
0%
Regen 2023 1 Stranger
0%
4 Stranger
0%
5 Stranger
0%
Super Smashpoint 2 1 Stranger
0%
2 Stranger
0%
5 Stranger
0%
7 Stride
0%
3 Stride
0%
7 Stylo
0%
4 Stylo
0%
4 Stylo
0%
5 Stylo
0%
7 Stylo
0%
7 Stylo
0%
2 Stylo
0%
BTH July 2023 1 Stylo
0%
2 Stylo
0%
3 Stylo
0%
7 Stylo
0%
2 Stylo
0%
3 Stylo
0%
4 Stylo
0%
7 SwarmEngine
0%
7 Swish
0%
5 Swizzy
0%
5 Tamoo
0%
5 Tanki
0%
7 Tanki
0%
7 Tanki
0%
7 Tanki
0%
3 Tekk
0%
7 TFU
0%
5 Thai
0%
7 Thai
0%
7 Thai
0%
3 Thai
0%
5 Thai
0%
5 Thai
0%
5 Thai
0%
5 Thai
0%
7 TheBabyCheese
0%
2 The Moon
0%
7 The Tation
0%
7 The Tation
0%
5 The Tation
0%
7 Timi
0%
7 Tom?
0%
5 Tony Bomboni
0%
4 Tony Bomboni
0%
Storm VII 1 Tony Bomboni
0%
3 Tony Bomboni
0%
2 Tony Bomboni
0%
5 Tony Bomboni
0%
2 Tony Bomboni
0%
4 Tony Bomboni
0%
3 Tooni
0%
5 Trif
0%
3 Trif
0%
Avant la Fête 1 Trif
0%
3 Trif
0%
5 Trif
0%
Let's Start The Fire 1 Trif
0%
5 TTS
0%
5 TTS
0%
5 TTS
0%
7 TTS
0%
3 TTS
0%
5 Ty
0%
2 UnHaven
0%
Storm II 1 UnHaven
0%
3 UnHaven
0%
Storm VI 1 UnHaven
0%
5 UnHaven
0%
4 UnHaven
0%
4 UnHaven
0%
7 UnHaven
0%
7 UnHaven
0%
2 UnHaven
0%
4 Unity
0%
5 user
0%
7 Useth
0%
5 Useth
0%
2 Vanity Angel
0%
2 Vanity Angel
0%
7 Vanity Angel
0%
4 Vanity Angel
0%
7 Verdant
0%
The Odyssey 1 Verdant
0%
3 Verdant
0%
2 Verdant
0%
2 Verdant
0%
7 Vitamin A
0%
5 Warden
0%
7 Wefferino
0%
7 Wellsanin
0%
2 Westballz
0%
7 Westers
0%
5 Westers
0%
5 Westers
0%
3 Westers
0%
2 Westers
0%
5 Westers
0%
5 Westers
0%
5 Weston
0%
7 Weston
0%
7 Weston
0%
4 Wil
0%
4 Wil
0%
5 Wil
0%
7 Wil
0%
5 Wil
0%
7 Wil
0%
2 Willz
0%
3 Willz
0%
5 Willz
0%
7 Willz
0%
3 Willz
0%
3 Willz
0%
2 Willz
0%
2 Willz
0%
3 Willz
0%
5 Wontonz
0%
3 Worth
0%
Quartered 4 1 X1
0%
4 X1
0%
7 Xenovia
0%
4 xychojack
0%
7 Yeniths
0%
5 Yeniths
0%
5 Yiivo
0%
7 Yuna
0%
Fête 3 1 Zain
0%
5 Zamu
0%
5 Zee
0%
4 Zepple
0%
7 Zepple
0%
7 Zepple
0%
5 Zepple
0%
4 Zepple
0%
5 Zeruko
0%
7 zondy
0%
7 Zondy
0%
4 zondy
0%
4 Zondy
0%
No matching quizzes found
Score Distribution
Percent of People with Each Score
Percentile by Number Answered
Your Score History
You have not taken this quiz since the last reset